000 00654nam a2200277Ia 4500
005 20260324130404.0
008 008 260324s9999 xx 000 0 eng d
020 _a9780429475962
037 _aEBOOK
040 _aCRL
040 _beng
040 _cCRL
041 _2eng
041 _aeng
084 _qCRL
100 _aPer Jensen; Harlene Anderson
_91181574
245 0 _aInnovations in the Reflecting Process
260 _bTaylor and Francis
260 _c2007
365 _a
365 _b220
856 _uhttp://www.taylorfrancis.com/books/9780429475962
942 _cEBOOK
999 _c1777727
_d1777727